000 00518nam a2200193Ia 4500
005 20250326142651.0
008 250326s9999 xx 000 0 und d
037 _aTextbook
040 _aFMSL
_beng
_cFMSL
041 _aeng
_2eng
084 _aX:8k N3
_qFMSL
100 _aGhosh P K
245 0 _aFundamental of management accounting
_cGhosh P K; Gupta G S
250 _aEd 3
260 _aNY
_bNY, National Pub. House
_c1983
300 _a711p
942 _cTB
_hX:8k N3
999 _c1296091
_d1296091